[Event "Tradewise Gibraltar Master 2015"]
[Site "Gibraltar ENG"]
[Date "2015.02.03"]
[Round "8.6"]
[White "Cheparinov, Ivan"]
[Black "Harikrishna, P."]
[Result "1/2-1/2"]
[WhiteElo "2681"]
[BlackElo "2723"]
[PlyCount "81"]
[EventDate "2015.01.27"]
[EventType "swiss"]
[EventRounds "10"]
[EventCountry "ENG"]
[Source "lmi"]
[SourceDate "2015.01.27"]

1. d4 Nf6 2. c4 e6 3. g3 Bb4+ 4. Bd2 c5 5. Bxb4 cxb4 6. Bg2 O-O 7. e3 d6 8. Ne2
a5 9. O-O Na6 10. a3 Rb8 11. Qd3 Bd7 12. Nd2 b5 13. Rfc1 Qb6 14. axb4 Nxb4 15.
Qc3 Bc6 16. Bxc6 Nxc6 17. c5 dxc5 18. Qxc5 Qxc5 19. Rxc5 Rb6 20. Nc3 Rfb8 21.
Nxb5 Rxb5 22. Rxc6 Rxb2 23. Nc4 Rb1+ 24. Rxb1 Rxb1+ 25. Kg2 h5 26. Nxa5 Rb2 27.
Nc4 Ra2 28. Rc8+ Kh7 29. Rf8 Rc2 30. Ne5 Nd5 31. Nxf7 Nxe3+ 32. Kh3 Ng4 33.
Ng5+ Kg6 34. Nxe6 Nxf2+ 35. Kh4 Nd3 36. h3 Re2 37. d5 Re4+ 38. g4 hxg4 39. hxg4
Ne5 40. Nf4+ Kh7 41. Kh3 1/2-1/2

[Event "Tradewise Gibraltar Master 2015"]
[Site "Gibraltar ENG"]
[Date "2015.02.03"]
[Round "8.10"]
[White "Motylev, Alexander"]
[Black "Lalith, Babu M.R"]
[Result "1/2-1/2"]
[WhiteElo "2665"]
[BlackElo "2537"]
[PlyCount "101"]
[EventDate "2015.01.27"]
[EventType "swiss"]
[EventRounds "10"]
[EventCountry "ENG"]
[Source "lmi"]
[SourceDate "2015.01.27"]

1. e4 c6 2. d4 d5 3. e5 Bf5 4. Nf3 e6 5. Be2 Nd7 6. O-O h6 7. Nbd2 Ne7 8. Nb3
Qc7 9. Bd2 Nc8 10. a4 Ncb6 11. a5 Nc4 12. Bc3 b5 13. axb6 Ncxb6 14. Na5 Be7 15.
b4 O-O 16. Bd3 Bg4 17. h3 Bh5 18. g4 Bg6 19. Bxg6 fxg6 20. Qd3 Nc4 21. Kg2 Nxa5
22. Rxa5 g5 23. Bd2 Rf7 24. Ng1 Nb6 25. Rfa1 Nc4 26. Ra6 Qb7 27. c3 Bd8 28. Bc1
Bb6 29. f3 Raf8 30. Be3 Qe7 31. Bf2 Qe8 32. R6a2 Rb7 33. Bg3 Qd8 34. Qg6 Qe8
35. Qd3 Qd8 36. Ra6 Qe8 37. R1a2 Rbf7 38. Ra1 Rb7 39. Kh1 Rbf7 40. R1a2 Rb7 41.
Kg2 Rbf7 42. Bf2 Qd8 43. Qg6 Qe8 44. Qc2 Rb7 45. Qd3 Qd8 46. Ra1 Rbf7 47. Bg3
Rb7 48. Rf1 Nb2 49. Qe2 Nc4 50. Qd3 Nb2 51. Qe2 1/2-1/2

[Event "Tradewise Gibraltar Master 2015"]
[Site "Gibraltar ENG"]
[Date "2015.02.03"]
[Round "8.11"]
[White "Xu, Jun"]
[Black "Sutovsky, Emil"]
[Result "1/2-1/2"]
[WhiteElo "2523"]
[BlackElo "2637"]
[PlyCount "71"]
[EventDate "2015.01.27"]
[EventType "swiss"]
[EventRounds "10"]
[EventCountry "ENG"]
[Source "lmi"]
[SourceDate "2015.01.27"]

1. d4 Nf6 2. c4 g6 3. Nc3 d5 4. Bg5 Ne4 5. Bf4 Nxc3 6. bxc3 dxc4 7. e3 Be6 8.
Nf3 Bg7 9. Qb1 Qd5 10. Be2 Bf5 11. Qb4 Bd3 12. Bxd3 cxd3 13. O-O c5 14. Qb5+
Nd7 15. Qxd3 e5 16. e4 Qd6 17. Bg3 O-O 18. Qb5 Qe7 19. Qxb7 exd4 20. cxd4 cxd4
21. Rac1 Rfd8 22. Rfd1 Qa3 23. Bc7 Re8 24. Qc6 Nf8 25. Nxd4 Qe7 26. f3 Bxd4+
27. Rxd4 Rac8 28. Rdc4 Ne6 29. Qb7 Qg5 30. h3 Nd4 31. Kf1 Qd2 32. Qd5 Qd3+ 33.
Kf2 Qd2+ 34. Kf1 Qd3+ 35. Kf2 Qd2+ 36. Kf1 1/2-1/2

[Event "Tradewise Gibraltar Master 2015"]
[Site "Gibraltar ENG"]
[Date "2015.02.03"]
[Round "8.12"]
[White "Popilski, Gil"]
[Black "Adhiban, B."]
[Result "0-1"]
[WhiteElo "2522"]
[BlackElo "2630"]
[PlyCount "70"]
[EventDate "2015.01.27"]
[EventType "swiss"]
[EventRounds "10"]
[EventCountry "ENG"]
[Source "lmi"]
[SourceDate "2015.01.27"]

1. e4 c5 2. Nf3 e6 3. d4 cxd4 4. Nxd4 Nc6 5. Nc3 Qc7 6. Be3 a6 7. Qf3 Nf6 8.
O-O-O Ne5 9. Qg3 b5 10. f4 Neg4 11. e5 Nxe3 12. exf6 Nxd1 13. fxg7 Rg8 14. Nd5
exd5 15. gxf8=R+ Kxf8 16. Qf3 Nxb2 17. Kxb2 b4 18. Kb1 Qb6 19. Qf2 Qf6 20. Bd3
h6 21. Nf5 d6 22. Ng3 Rg4 23. Qb6 Bd7 24. Nh5 Qe7 25. Qd4 Qe5 26. Qxe5 dxe5 27.
Nf6 e4 28. Nxd7+ Ke7 29. Ne5 Rxg2 30. Bf1 Rf2 31. Bh3 Rxf4 32. Rd1 Kd6 33. Nc4+
Kc5 34. Ne3 Rd8 35. Nf5 Rf2 0-1

[Event "Tradewise Gibraltar Master 2015"]
[Site "Gibraltar ENG"]
[Date "2015.02.03"]
[Round "8.13"]
[White "Lenderman, Aleksandr"]
[Black "Wagner, Dennis"]
[Result "0-1"]
[WhiteElo "2614"]
[BlackElo "2501"]
[PlyCount "72"]
[EventDate "2015.01.27"]
[EventType "swiss"]
[EventRounds "10"]
[EventCountry "ENG"]
[Source "lmi"]
[SourceDate "2015.01.27"]

1. d4 Nf6 2. c4 g6 3. Nc3 d5 4. cxd5 Nxd5 5. e4 Nxc3 6. bxc3 Bg7 7. Bb5+ c6 8.
Ba4 O-O 9. Ne2 b5 10. Bb3 a5 11. h4 a4 12. Bc2 c5 13. Rb1 b4 14. d5 bxc3 15. h5
e6 16. Be3 Na6 17. a3 exd5 18. exd5 Qd6 19. hxg6 fxg6 20. Ng3 Nc7 21. Rxh7 Ba6
22. Rh1 Nxd5 23. Bxg6 Qxg6 24. Qxd5+ Qf7 25. Qe4 Rfe8 26. Qh7+ Kf8 27. Rh5 Bf6
28. Qh6+ Bg7 29. Qh7 Bf6 30. Rb6 Qxh7 31. Rxh7 Bd4 32. Kd1 Bd3 33. Bxd4 c2+ 34.
Kd2 Bxh7 35. Bxc5+ Kg8 36. Bb4 Rad8+ 0-1

[Event "Tradewise Gibraltar Master 2015"]
[Site "Gibraltar ENG"]
[Date "2015.02.03"]
[Round "8.14"]
[White "Muzychuk, Mariya"]
[Black "Bologan, Viktor"]
[Result "1/2-1/2"]
[WhiteElo "2520"]
[BlackElo "2608"]
[PlyCount "82"]
[EventDate "2015.01.27"]
[EventType "swiss"]
[EventRounds "10"]
[EventCountry "ENG"]
[Source "lmi"]
[SourceDate "2015.01.27"]

1. e4 e5 2. Nf3 Nc6 3. d4 exd4 4. Nxd4 Bc5 5. Be3 Qf6 6. c3 Nge7 7. Bc4 O-O 8.
O-O b6 9. f4 Bb7 10. Qd2 Bxd4 11. cxd4 d5 12. e5 Qe6 13. Be2 Nf5 14. Nc3 Na5
15. b3 c5 16. Nb5 Qc6 17. g4 Nxe3 18. Qxe3 Ba6 19. Nd6 cxd4 20. Qd2 Bxe2 21.
Qxe2 f6 22. Rac1 Qd7 23. Nf5 Rae8 24. Nxd4 fxe5 25. fxe5 Rxf1+ 26. Rxf1 Nc6 27.
Nxc6 Qxc6 28. Qf3 h6 29. Qf7+ Kh8 30. Re1 d4 31. e6 d3 32. Qd7 Qc5+ 33. Kh1 Qf2
34. Qxe8+ Kh7 35. Rb1 Qf3+ 36. Kg1 Qxg4+ 37. Kf2 Qe2+ 38. Kg1 Qe3+ 39. Kg2 d2
40. Rf1 Qe2+ 41. Kg1 Qe3+ 1/2-1/2

[Event "Tradewise Gibraltar Master 2015"]
[Site "Gibraltar ENG"]
[Date "2015.02.03"]
[Round "8.15"]
[White "Mareco, Sandro"]
[Black "Vishnu, Prasanna. V"]
[Result "1-0"]
[WhiteElo "2583"]
[BlackElo "2463"]
[PlyCount "87"]
[EventDate "2015.01.27"]
[EventType "swiss"]
[EventRounds "10"]
[EventCountry "ENG"]
[Source "lmi"]
[SourceDate "2015.01.27"]

1. d4 Nf6 2. c4 e6 3. Nf3 d5 4. Nc3 Bb4 5. Bg5 h6 6. Bxf6 Qxf6 7. Qa4+ Nc6 8.
e3 O-O 9. Qb3 dxc4 10. Bxc4 Bd6 11. Be2 e5 12. d5 Nb8 13. O-O Nd7 14. Qc2 Qe7
15. Rac1 a6 16. Ne4 Re8 17. Nfd2 b5 18. Qc6 Rb8 19. Nxd6 cxd6 20. Ne4 Rb6 21.
Qc7 Qd8 22. Qa7 f5 23. Ng3 Nc5 24. b4 Rb7 25. Qa8 Qb6 26. bxc5 dxc5 27. Bh5 Rd8
28. a4 f4 29. a5 Qc7 30. d6 Rxd6 31. Rxc5 Qxc5 32. Ne4 Ra7 33. Qb8 Qc7 34. Qxc7
Rxc7 35. Nxd6 Be6 36. exf4 exf4 37. Re1 Rc6 38. Nb7 Bf5 39. Bf3 Rc3 40. Nd6 Bd3
41. h4 g5 42. hxg5 hxg5 43. Re7 b4 44. Rb7 1-0

[Event "Tradewise Gibraltar Master 2015"]
[Site "Gibraltar ENG"]
[Date "2015.02.03"]
[Round "8.16"]
[White "Padmini, Rout"]
[Black "Nabaty, Tamir"]
[Result "1-0"]
[WhiteElo "2388"]
[BlackElo "2579"]
[PlyCount "93"]
[EventDate "2015.01.27"]
[EventType "swiss"]
[EventRounds "10"]
[EventCountry "ENG"]
[Source "lmi"]
[SourceDate "2015.01.27"]

1. e4 c6 2. d4 d5 3. e5 c5 4. Nf3 cxd4 5. Nxd4 e6 6. Nd2 Ne7 7. N2f3 Nec6 8.
Bd3 Nd7 9. Bf4 Nc5 10. O-O Nxd3 11. cxd3 Bd7 12. Qd2 Bb4 13. Nxc6 Bxd2 14. Nxd8
Bxf4 15. Nxb7 Rb8 16. Nc5 Ke7 17. g3 Bh6 18. b3 Rhc8 19. d4 f6 20. Rfe1 Rb6 21.
Kg2 Be8 22. h3 a5 23. Rad1 f5 24. g4 fxg4 25. hxg4 Bf4 26. Ng1 g5 27. Ne2 Bg6
28. Nxf4 gxf4 29. Rc1 Rb4 30. Red1 h5 31. a3 Rbb8 32. gxh5 Bxh5 33. Rh1 Rh8 34.
Kf1 Bf3 35. Rxh8 Rxh8 36. Ke1 Rh1+ 37. Kd2 Rh2 38. Rf1 Rh3 39. Rg1 Kf7 40. b4
axb4 41. axb4 Rh2 42. b5 Rxf2+ 43. Kc3 Be2 44. b6 Rh2 45. b7 Rh8 46. Rb1 f3 47.
Kd2 1-0

[Event "Tradewise Gibraltar Master 2015"]
[Site "Gibraltar ENG"]
[Date "2015.02.03"]
[Round "8.18"]
[White "Watson, John L"]
[Black "Bok, Benjamin"]
[Result "0-1"]
[WhiteElo "2319"]
[BlackElo "2572"]
[PlyCount "70"]
[EventDate "2015.01.27"]
[EventType "swiss"]
[EventRounds "10"]
[EventCountry "ENG"]
[Source "lmi"]
[SourceDate "2015.01.27"]

1. d4 Nf6 2. Bg5 d5 3. e3 c5 4. Bxf6 gxf6 5. Nc3 Nc6 6. Qh5 cxd4 7. exd4 e6 8.
O-O-O Bd7 9. Nge2 f5 10. h4 Qf6 11. Kb1 O-O-O 12. Rh3 Be7 13. Qf3 Rdg8 14. Qe3
Rg4 15. g3 Bf8 16. Nf4 Bh6 17. Nce2 Kb8 18. Qa3 Bf8 19. Qd3 Bd6 20. Bg2 Rc8 21.
Qd2 Qd8 22. Bf3 Rg8 23. Bh5 Rf8 24. Nc1 Na5 25. Be2 Qb6 26. c3 Rc7 27. Ka1 Rfc8
28. Nfd3 Ba4 29. Rf1 Nc4 30. Qe1 Bc2 31. Bd1 Ba3 32. b3 Bxd3 33. Nxd3 Nd6 34.
Ne5 Qxd4 35. g4 Rxc3 0-1

[Event "Tradewise Gibraltar Master 2015"]
[Site "Gibraltar ENG"]
[Date "2015.02.03"]
[Round "8.19"]
[White "Iturrizaga Bonelli, Eduardo"]
[Black "Dragnev, Valentin"]
[Result "1-0"]
[WhiteElo "2649"]
[BlackElo "2344"]
[PlyCount "53"]
[EventDate "2015.01.27"]
[EventType "swiss"]
[EventRounds "10"]
[EventCountry "ENG"]
[Source "lmi"]
[SourceDate "2015.01.27"]

1. Nf3 Nf6 2. c4 b6 3. g3 Bb7 4. Bg2 g6 5. b3 Bg7 6. Bb2 O-O 7. O-O c5 8. d4
Na6 9. e3 e6 10. Qe2 Qe7 11. Rd1 d5 12. cxd5 exd5 13. Nc3 Rfd8 14. Ne5 Nc7 15.
f4 Ne4 16. Nxe4 dxe4 17. dxc5 Qxc5 18. Rac1 Qe7 19. Ba3 Qxa3 20. Rxc7 Ba6 21.
Qc2 f5 22. Rxd8+ Rxd8 23. Rxg7+ Kxg7 24. Qc7+ Kh6 25. Nf7+ Kh5 26. g4+ Kxg4 27.
Ne5+ 1-0

[Event "Tradewise Gibraltar Master 2015"]
[Site "Gibraltar ENG"]
[Date "2015.02.03"]
[Round "8.20"]
[White "Edouard, Romain"]
[Black "Harika, Dronavalli"]
[Result "1/2-1/2"]
[WhiteElo "2638"]
[BlackElo "2496"]
[PlyCount "83"]
[EventDate "2015.01.27"]
[EventType "swiss"]
[EventRounds "10"]
[EventCountry "ENG"]
[Source "lmi"]
[SourceDate "2015.01.27"]

1. d4 Nf6 2. c4 g6 3. g3 Bg7 4. Bg2 O-O 5. Nc3 d6 6. Nf3 Nbd7 7. O-O e5 8. b3
Re8 9. e3 c6 10. Bb2 e4 11. Nd2 d5 12. f3 exf3 13. Qxf3 dxc4 14. bxc4 Nc5 15.
Nd5 Nxd5 16. Qxf7+ Kh8 17. cxd5 cxd5 18. dxc5 Bxb2 19. Rad1 Bg7 20. Ne4 Be6 21.
Qxb7 Re7 22. Qb3 Rb8 23. Qa3 Bb2 24. Qa4 Qc7 25. Ng5 Qxc5 26. Qf4 Rbe8 27. Kh1
Bg8 28. e4 dxe4 29. Nxe4 Qb4 30. a3 Qc4 31. Qf2 Be5 32. Nd6 Bxd6 33. Qf6+ Rg7
34. Rxd6 Re6 35. Rxe6 Qxe6 36. Qd4 Qc4 37. Qd2 Qa2 38. Qa5 Qb2 39. h4 Qb6 40.
Qg5 Qd6 41. a4 Re7 42. Qf4 1/2-1/2

[Event "Tradewise Gibraltar Master 2015"]
[Site "Gibraltar ENG"]
[Date "2015.02.03"]
[Round "8.21"]
[White "Bartel, Mateusz"]
[Black "Stefanova, Antoaneta"]
[Result "1-0"]
[WhiteElo "2631"]
[BlackElo "2515"]
[PlyCount "85"]
[EventDate "2015.01.27"]
[EventType "swiss"]
[EventRounds "10"]
[EventCountry "ENG"]
[Source "lmi"]
[SourceDate "2015.01.27"]

1. e4 e5 2. Nf3 Nc6 3. Bb5 Nf6 4. d3 d6 5. O-O Bd7 6. a4 g6 7. a5 a6 8. Bc4 Bg7
9. h3 O-O 10. Nc3 Nd4 11. Nxd4 exd4 12. Ne2 c5 13. Nf4 Bc6 14. Bb3 Qd7 15. Qf3
Rae8 16. Bd2 Qd8 17. Rae1 Kh8 18. Qg3 Qd7 19. c3 Ng8 20. Nd5 Bxd5 21. Bxd5 Ne7
22. c4 Nxd5 23. exd5 Qf5 24. b4 Be5 25. Qg5 cxb4 26. Qxf5 gxf5 27. Bxb4 Rd8 28.
g3 Rg8 29. Kg2 Rd7 30. Kf3 Rb8 31. Rb1 Kg7 32. Ba3 Rc8 33. Rb6 h5 34. Rfb1 Rcc7
35. Rg1 Kh7 36. Ke2 f4 37. g4 hxg4 38. Rxg4 Rc8 39. Rg1 Kh6 40. Kf3 f5 41. Bc1
Rc5 42. Bd2 Kh7 43. Rg5 1-0

[Event "Tradewise Gibraltar Master 2015"]
[Site "Gibraltar ENG"]
[Date "2015.02.03"]
[Round "8.22"]
[White "Debashis, Das"]
[Black "Salgado Lopez, Ivan"]
[Result "0-1"]
[WhiteElo "2503"]
[BlackElo "2628"]
[PlyCount "152"]
[EventDate "2015.01.27"]
[EventType "swiss"]
[EventRounds "10"]
[EventCountry "ENG"]
[Source "lmi"]
[SourceDate "2015.01.27"]

1. d4 e6 2. c4 b6 3. e4 Bb7 4. Bd3 Nc6 5. Ne2 Nb4 6. Nbc3 Nxd3+ 7. Qxd3 d6 8.
O-O Ne7 9. d5 Qd7 10. f4 g6 11. Nd4 Bg7 12. f5 gxf5 13. exf5 Bxd4+ 14. Qxd4
O-O-O 15. Bg5 Rhf8 16. fxe6 fxe6 17. Bxe7 Qxe7 18. Qg4 Rg8 19. Qh3 Kb8 20. Rae1
e5 21. Rf2 Bc8 22. Qe3 Rg4 23. Ne4 Qg7 24. b3 Rg8 25. Ree2 Bf5 26. Ng3 Bg6 27.
h3 Rd4 28. Nf5 Rd1+ 29. Kh2 Qd7 30. Nh6 Rg7 31. Rd2 Rb1 32. Rf8+ Kb7 33. Rdf2
Qe7 34. Rf1 Rxf1 35. Rxf1 Qe8 36. Ng4 Rf7 37. Rf2 Qf8 38. Kg1 a5 39. Qd2 Rxf2
40. Nxf2 a4 41. Nd1 Qf5 42. bxa4 Qe4 43. Ne3 Ka6 44. Kf2 Qf4+ 45. Ke2 Bh5+ 46.
Ke1 Qg3+ 47. Kf1 Be8 48. Qc3 h5 49. Ke2 h4 50. Kf1 Qf4+ 51. Ke2 Bh5+ 52. Ke1
Bg6 53. Ke2 Qd4 54. Qb3 Ka7 55. Qa3 Bh5+ 56. Ke1 Ka6 57. Qb3 Be8 58. Ke2 Ka5
59. a3 Ka6 60. Kf2 Ka7 61. Ke1 Bg6 62. Ke2 Be4 63. a5 bxa5 64. Nc2 Qb6 65. Qa4
Bxg2 66. Nb4 Bxh3 67. Nc6+ Ka6 68. Nb4+ Kb7 69. Nc6 Qb2+ 70. Kf3 Qc3+ 71. Kf2
Qd2+ 72. Kf3 Qf4+ 73. Ke2 Bg4+ 74. Kd3 Qf3+ 75. Kd2 Qe2+ 76. Kc3 Qe1+ 0-1

[Event "Tradewise Gibraltar Master 2015"]
[Site "Gibraltar ENG"]
[Date "2015.02.03"]
[Round "8.24"]
[White "Tari, Aryan"]
[Black "Anton Guijarro, David"]
[Result "1/2-1/2"]
[WhiteElo "2487"]
[BlackElo "2617"]
[PlyCount "75"]
[EventDate "2015.01.27"]
[EventType "swiss"]
[EventRounds "10"]
[EventCountry "ENG"]
[Source "lmi"]
[SourceDate "2015.01.27"]

1. c4 f5 2. d4 Nf6 3. Nc3 d6 4. Nf3 g6 5. g3 Bg7 6. Bg2 O-O 7. O-O c6 8. b3 Na6
9. Bb2 Qc7 10. d5 e5 11. dxe6 Bxe6 12. Qc2 Nc5 13. Rad1 Rad8 14. Ng5 Bc8 15. b4
Ne6 16. Nf3 Ng4 17. e3 Ne5 18. Ne2 a6 19. a3 Qf7 20. Rc1 g5 21. Nxe5 dxe5 22.
f4 gxf4 23. exf4 e4 24. Rcd1 c5 25. Bxg7 Qxg7 26. Nc3 Nd4 27. Qf2 Nf3+ 28. Bxf3
Qxc3 29. Be2 cxb4 30. Rxd8 Rxd8 31. Qb6 Qd4+ 32. Qxd4 Rxd4 33. axb4 Rd2 34. Rd1
Rxe2 35. Rd8+ Kf7 36. Rxc8 Rc2 37. Rc7+ Ke6 38. Rxh7 1/2-1/2

[Event "Tradewise Gibraltar Master 2015"]
[Site "Gibraltar ENG"]
[Date "2015.02.03"]
[Round "8.25"]
[White "Javakhishvili, Lela"]
[Black "Salem, A.R. Saleh"]
[Result "1/2-1/2"]
[WhiteElo "2486"]
[BlackElo "2603"]
[PlyCount "63"]
[EventDate "2015.01.27"]
[EventType "swiss"]
[EventRounds "10"]
[EventCountry "ENG"]
[Source "lmi"]
[SourceDate "2015.01.27"]

1. d4 Nf6 2. c4 g6 3. Nc3 Bg7 4. e4 d6 5. Nf3 O-O 6. h3 e5 7. d5 a5 8. g4 Na6
9. Be3 Nc5 10. Nd2 c6 11. a3 a4 12. Be2 Qa5 13. Kf1 Ne8 14. Kg2 f5 15. f3 Qd8
16. b4 axb3 17. Nxb3 Nxb3 18. Qxb3 c5 19. Qc2 Bf6 20. Qd2 Bh4 21. a4 Rf7 22.
Rag1 Ng7 23. Bd1 Bd7 24. Rh2 fxe4 25. Nxe4 Bxa4 26. Be2 b5 27. cxb5 Bb3 28. Nc3
Ra3 29. Rb1 Qa8 30. Rhh1 e4 31. f4 Bf6 32. Rhc1 1/2-1/2

[Event "Tradewise Gibraltar Master 2015"]
[Site "Gibraltar ENG"]
[Date "2015.02.03"]
[Round "8.27"]
[White "Ganguly, Surya Shekhar"]
[Black "Pichot, Alan"]
[Result "1-0"]
[WhiteElo "2595"]
[BlackElo "2480"]
[PlyCount "101"]
[EventDate "2015.01.27"]
[EventType "swiss"]
[EventRounds "10"]
[EventCountry "ENG"]
[Source "lmi"]
[SourceDate "2015.01.27"]

1. d4 Nf6 2. Nf3 g6 3. Bg5 Bg7 4. Nbd2 O-O 5. e4 d6 6. c3 Nc6 7. Be2 e5 8. dxe5
Nxe5 9. Nxe5 dxe5 10. O-O Qe7 11. Qc2 b6 12. Nc4 Bb7 13. f3 a5 14. a4 Rfd8 15.
Kh1 h6 16. Bh4 Ba6 17. Ne3 Bxe2 18. Qxe2 Rd6 19. b4 Qd7 20. Nc4 Re6 21. Rfd1
Qc6 22. bxa5 bxa5 23. Bxf6 Bxf6 24. Rd5 Ree8 25. Qd3 Red8 26. Nxe5 Rxd5 27.
exd5 Qd6 28. Nc6 Qc5 29. Re1 Kg7 30. g3 Qf2 31. Qe2 Qc5 32. Qd3 Qf2 33. Re4 h5
34. Qe2 Qc5 35. Qd3 Qf2 36. Qe2 Qc5 37. c4 Qa3 38. Qd1 Ra6 39. Nd4 Qc5 40. Kg2
Bxd4 41. Qxd4+ Qxd4 42. Rxd4 Rb6 43. c5 Rb4 44. Re4 Rb2+ 45. Kg1 Rd2 46. Re5
Kf6 47. f4 Rd4 48. c6 Rxa4 49. d6 cxd6 50. Rc5 dxc5 51. c7 1-0

[Event "Tradewise Gibraltar Master 2015"]
[Site "Gibraltar ENG"]
[Date "2015.02.03"]
[Round "8.28"]
[White "Roiz, Michael"]
[Black "Adla, Diego"]
[Result "1/2-1/2"]
[WhiteElo "2592"]
[BlackElo "2469"]
[PlyCount "220"]
[EventDate "2015.01.27"]
[EventType "swiss"]
[EventRounds "10"]
[EventCountry "ENG"]
[Source "lmi"]
[SourceDate "2015.01.27"]

1. d4 e6 2. c4 d5 3. Nf3 dxc4 4. Qa4+ Nd7 5. Qxc4 a6 6. Qc2 c5 7. Bg5 Be7 8.
Bxe7 Qxe7 9. Nbd2 Ngf6 10. Rc1 b6 11. dxc5 Qxc5 12. Qxc5 Nxc5 13. Nc4 Ncd7 14.
Nd4 O-O 15. f3 Bb7 16. e4 Rfc8 17. Kd2 Ne8 18. Be2 Kf8 19. Rc3 Rc7 20. Rhc1
Rac8 21. R1c2 Ke7 22. Rb3 b5 23. Na5 Ba8 24. Rxc7 Rxc7 25. Nc2 Nc5 26. Ra3 Nd6
27. Nb4 f5 28. exf5 Nxf5 29. Rc3 Kd6 30. Bf1 g6 31. Nb3 Nxb3+ 32. Rxb3 Bb7 33.
Ra3 Nd4 34. Bd3 Rc5 35. Nxa6 Rh5 36. h3 Rg5 37. Bf1 e5 38. Nb4 e4 39. fxe4 Bxe4
40. g4 h5 41. Ke3 Ke5 42. Rc3 Ne6 43. Nc6+ Bxc6 44. Rxc6 hxg4 45. hxg4 Kf6 46.
Rb6 Re5+ 47. Kf2 Re4 48. Bxb5 Rb4 49. b3 Ke5 50. a3 Rxg4 51. Bc4 Nd4 52. a4
Rf4+ 53. Ke3 g5 54. a5 g4 55. a6 g3 56. a7 g2 57. Rg6 Rf3+ 58. Kd2 Rf2+ 59. Kc3
Ra2 60. Rxg2 Rxa7 61. Rg5+ Kf4 62. Rd5 Nxb3 63. Kxb3 Ke4 64. Rd1 Rg7 65. Kc3
Rg3+ 66. Bd3+ Ke5 67. Re1+ Kd5 68. Ra1 Kc5 69. Ra5+ Kb6 70. Rh5 Rg1 71. Kd4 Rd1
72. Rh6+ Kc7 73. Ke4 Rg1 74. Bc4 Rg5 75. Bd5 Kd7 76. Kd4 Rg4+ 77. Kc5 Rg7 78.
Re6 Kc7 79. Ra6 Kd8 80. Be6 Rc7+ 81. Kd5 Rd7+ 82. Ke5 Rb7 83. Ra8+ Kc7 84. Rc8+
Kb6 85. Kd6 Kb5 86. Bd5 Rb6+ 87. Ke5 Rh6 88. Kd4 Rh4+ 89. Be4 Kb6 90. Rc6+ Kb5
91. Rf6 Rg4 92. Rf2 Rh4 93. Rb2+ Ka4 94. Rb8 Rg4 95. Kd5 Ka3 96. Rb7 Rh4 97.
Rb1 Ka2 98. Rb4 Ka3 99. Kc5 Rh8 100. Rb6 Rh2 101. Kc4 Rh4 102. Kd4 Ka4 103. Rb1
Rg4 104. Kd5 Ka3 105. Rb8 Rh4 106. Bd3 Rb4 107. Rc8 Kb3 108. Kc5 Rg4 109. Rf8
Rg5+ 110. Kd4 Rg4+ 1/2-1/2

[Event "Tradewise Gibraltar Master 2015"]
[Site "Gibraltar ENG"]
[Date "2015.02.03"]
[Round "8.29"]
[White "Bellin, Robert"]
[Black "Felgaer, Ruben"]
[Result "0-1"]
[WhiteElo "2338"]
[BlackElo "2575"]
[PlyCount "56"]
[EventDate "2015.01.27"]
[EventType "swiss"]
[EventRounds "10"]
[EventCountry "ENG"]
[Source "lmi"]
[SourceDate "2015.01.27"]

1. Nf3 c5 2. e3 d6 3. d4 Nd7 4. Bd3 g6 5. O-O Bg7 6. c3 Ngf6 7. Re1 d5 8. a4
O-O 9. b4 e5 10. Be2 e4 11. Nfd2 cxb4 12. cxb4 Re8 13. Nc3 Nf8 14. Ba3 h5 15.
Qb3 Be6 16. Rac1 N8h7 17. Bf1 Ng4 18. h3 Nh6 19. b5 Nf5 20. Qd1 Qg5 21. Nb3 Nf6
22. Ne2 Nh4 23. Kh1 Qf5 24. Nf4 g5 25. Nxh5 Qxf2 26. Rc2 Qf5 27. Ng3 Qg6 28.
Qh5 Qf5 0-1

[Event "Tradewise Gibraltar Master 2015"]
[Site "Gibraltar ENG"]
[Date "2015.02.03"]
[Round "8.30"]
[White "Mikhalevski, Victor"]
[Black "Venkatesh, M.R."]
[Result "0-1"]
[WhiteElo "2571"]
[BlackElo "2460"]
[PlyCount "88"]
[EventDate "2015.01.27"]
[EventType "swiss"]
[EventRounds "10"]
[EventCountry "ENG"]
[Source "lmi"]
[SourceDate "2015.01.27"]

1. Nf3 Nf6 2. g3 e6 3. Bg2 d5 4. O-O c5 5. c4 d4 6. e3 Nc6 7. exd4 cxd4 8. d3
Be7 9. Re1 O-O 10. Nbd2 Nd7 11. a3 a5 12. b3 e5 13. Rb1 Re8 14. Ne4 f5 15. Neg5
Bf6 16. b4 axb4 17. axb4 h6 18. h4 hxg5 19. b5 g4 20. bxc6 bxc6 21. Ng5 Ra6 22.
c5 Nxc5 23. Qc2 Ne6 24. Qc4 Qa5 25. Re2 Qc3 26. Rc2 Qxc4 27. Rxc4 Nd8 28. Rb8
Bd7 29. Bd2 Be7 30. Bb4 Bxb4 31. Rcxb4 Kf8 32. f4 c5 33. Rb1 exf4 34. gxf4 Ne6
35. R8b7 Rd6 36. Nxe6+ Bxe6 37. Rc7 c4 38. dxc4 d3 39. Rd1 Rd4 40. c5 d2 41.
Rb7 Bc4 42. Bf1 Bxf1 43. Kxf1 Rxf4+ 44. Kg2 Re2+ 0-1

[Event "Tradewise Gibraltar Master 2015"]
[Site "Gibraltar ENG"]
[Date "2015.02.03"]
[Round "8.31"]
[White "Guo, Qi"]
[Black "Sengupta, Deep"]
[Result "1/2-1/2"]
[WhiteElo "2439"]
[BlackElo "2569"]
[PlyCount "78"]
[EventDate "2015.01.27"]
[EventType "swiss"]
[EventRounds "10"]
[EventCountry "ENG"]
[Source "lmi"]
[SourceDate "2015.01.27"]

1. d4 Nf6 2. Nf3 e6 3. c4 d5 4. Nc3 dxc4 5. e4 Bb4 6. Bxc4 Nxe4 7. O-O Nxc3 8.
bxc3 Be7 9. Ne5 O-O 10. Qg4 Kh8 11. Qh3 Qe8 12. Re1 Nc6 13. Bf4 Bd6 14. Rab1 f5
15. Qf3 Nxe5 16. Bxe5 Qf7 17. h3 Rb8 18. Qf4 Bxe5 19. Qxe5 f4 20. Bxe6 Bxe6 21.
Qxe6 Kg8 22. f3 b6 23. Rb5 Rbd8 24. Qxf7+ Rxf7 25. Re4 Rd6 26. c4 h6 27. a4 c6
28. Rbe5 Rfd7 29. d5 cxd5 30. cxd5 Rxd5 31. Rxd5 Rxd5 32. Rxf4 Rd2 33. h4 Rb2
34. Rd4 a5 35. Rd6 Kf7 36. Kh2 Rb4 37. Kh3 Ke7 38. Rg6 Kf7 39. Rd6 Ke7 1/2-1/2

[Event "Tradewise Gibraltar Master 2015"]
[Site "Gibraltar ENG"]
[Date "2015.02.03"]
[Round "8.32"]
[White "Kuipers, Stefan"]
[Black "Oparin, Grigoriy"]
[Result "1-0"]
[WhiteElo "2390"]
[BlackElo "2551"]
[PlyCount "79"]
[EventDate "2015.01.27"]
[EventType "swiss"]
[EventRounds "10"]
[EventCountry "ENG"]
[Source "lmi"]
[SourceDate "2015.01.27"]

1. e4 c5 2. Nf3 d6 3. d4 cxd4 4. Nxd4 Nf6 5. Nc3 a6 6. Qd3 Nbd7 7. Be2 Nc5 8.
Qe3 e5 9. Nb3 Ne6 10. g3 Be7 11. Qd3 O-O 12. Be3 Bd7 13. f4 Rc8 14. O-O-O Re8
15. Rhf1 Bf8 16. fxe5 dxe5 17. Rxf6 Qxf6 18. Qxd7 b5 19. Qd3 Qg6 20. Bf3 Nd8
21. Nd5 Nb7 22. g4 Nd6 23. Nd2 Rc6 24. Nb4 Rcc8 25. Nd5 Rc6 26. Kb1 Rec8 27.
Nb6 R8c7 28. Nd5 Rc8 29. Rc1 a5 30. h4 a4 31. a3 Nc4 32. Nxc4 bxc4 33. Qc3 Qe6
34. Rd1 Rb8 35. Be2 Qc8 36. Ka1 h5 37. gxh5 Qh3 38. Qxe5 Rb7 39. Qc3 Qxh4 40.
Bf3 1-0

[Event "Tradewise Gibraltar Master 2015"]
[Site "Gibraltar ENG"]
[Date "2015.02.03"]
[Round "8.33"]
[White "Sandipan, Chanda"]
[Black "Tate, Alan"]
[Result "1-0"]
[WhiteElo "2574"]
[BlackElo "2297"]
[PlyCount "65"]
[EventDate "2015.01.27"]
[EventType "swiss"]
[EventRounds "10"]
[EventCountry "ENG"]
[Source "lmi"]
[SourceDate "2015.01.27"]

1. d4 Nf6 2. c4 e6 3. Nc3 Bb4 4. Bd2 b6 5. e3 Bb7 6. Nf3 O-O 7. Bd3 d5 8. cxd5
exd5 9. Rc1 Be7 10. O-O c5 11. Ne5 Nc6 12. Be1 Nb4 13. Be2 Rc8 14. Nb5 c4 15.
Nxa7 Ra8 16. a3 Rxa7 17. axb4 b5 18. Ra1 Qb6 19. Ra5 Rfa8 20. f3 Bd6 21. Bc3
Bc8 22. Qd2 Qb7 23. Rfa1 Qc7 24. Bd1 Ne8 25. Bc2 f6 26. e4 Be6 27. exd5 Bxd5
28. Ng4 Qf7 29. Ne3 Bf4 30. Qf2 Bb7 31. Nf5 Nd6 32. Qh4 Nxf5 33. Qxf4 1-0